| 000 | 00967nam a22001937a 4500 | ||
|---|---|---|---|
| 005 | 20260219093858.0 | ||
| 008 | 260219b ag ||||| |||| 00| 0 spa d | ||
| 050 | 0 | 4 |
_aKHA2579 _bA47 1972 |
| 100 | 1 |
_aAlsina, Hugo, _d1891-1943 |
|
| 245 | 1 | 0 |
_aTratado teórico práctico de derecho procesal civil y comercial _b / Hugo Alsina ; actualizado por Jesús Cuadrao |
| 250 | _a1a ed. | ||
| 260 |
_aBuenos Aires : _bEdiar Sociedad Anónima Editores, _c1972 |
||
| 300 |
_a7 v. ; _c23 cm. |
||
| 505 | 1 |
_tV.1 Parte general -- _tV.2 Organización judicial, jurisdicción y competencia -- _tV.3 Juicio ordinario -- _tV.4 Juicio ordinario segunda parte -- _tV.5 Ejecución forzada y medidas precautorias -- _tV.6 Juicios especiales -- _tV.7 Juicios especiales procedimiento ante la justicia de paz indices generales. |
|
| 650 | 7 |
_2lemb _aProcedimiento civil _zArgentina |
|
| 650 | 7 |
_2lemb _aDerecho comercial _zArgentina |
|
| 700 | 1 |
_aCuadrao, Jesús, _ecolaborador |
|
| 942 |
_2lcc _cLIB |
||
| 999 |
_c172640 _d172638 |
||